Southville International School and Colleges
Your cart is empty.
  • Cart
  • Lists
    Public lists Eva Luna New books Lux_list list_1
    Your lists Log in to create your own lists
  • Log in to your account
  • Your cookies
  • Search history
Southville International School and Colleges
  • Advanced search
  • Recent comments
  • Most popular
  • Libraries

Log in to your account

Log in with GOOGLE


If you do not have an external account, but do have a local account, you can still log in:

  1. Home
  2. MARC view: The Child at school :
Normal view MARC view ISBD view

The Child at school : (Record no. 362639)

[ view plain ]
MARC details
000 -LEADER
fixed length control field 00443nam a2200145Ia 4500
008 - FIXED-LENGTH DATA ELEMENTS--GENERAL INFORMATION
fixed length control field 191111s9999 xx 000 0 und d
020 ## - INTERNATIONAL STANDARD BOOK NUMBER
International Standard Book Number 9781848723009
100 ## - MAIN ENTRY--PERSONAL NAME
Personal name Blatchford, Peter.
245 ## - TITLE STATEMENT
Statement of responsibility, etc Peter Blatchford.--
Title The Child at school :
Remainder of title interactions with peers and teachers /
250 ## - EDITION STATEMENT
Edition statement 2nd ed
260 ## - PUBLICATION, DISTRIBUTION, ETC. (IMPRINT)
Place of publication, distribution, etc USA :
Name of publisher, distributor, etc Routledge
Date of publication, distribution, etc 2016
300 ## - PHYSICAL DESCRIPTION
Extent 308 pages.
650 ## - SUBJECT ADDED ENTRY--TOPICAL TERM
Topical term or geographic name as entry element Child development
650 ## - SUBJECT ADDED ENTRY--TOPICAL TERM
Topical term or geographic name as entry element School children -- PSychology
Holdings
Withdrawn status Lost status Damaged status Home library Current library Shelving location Date acquired Source of acquisition Total Checkouts Full call number Barcode Date last seen Price effective from Koha item type
      College Library College Library Reserve Section 11/11/2019 Library Fund   LB 1115 .B644 2016 C21993 11/11/2019 11/11/2019 Books

The Child at school :

APA

Blatchford P., . (2016). The Child at school. USA: Routledge.

Chicago

Blatchford Peter, . 2016. The Child at school. USA: Routledge.

Harvard

Blatchford P., . (2016). The Child at school. USA: Routledge.

MLA

Blatchford Peter, . The Child at school. USA: Routledge. 2016.

  • Place hold
  • Print
  • Cite
  • Add to your cart (remove)
  • Save record
    BIBTEX Dublin Core MARCXML MARC (non-Unicode/MARC-8) MARC (Unicode/UTF-8) MARC (Unicode/UTF-8, Standard) MODS (XML) RIS
  • More searches
    Search for this title in:
    Other Libraries (WorldCat) Other Databases (Google Scholar) Online Stores (Bookfinder.com) Open Library (openlibrary.org)

Exporting to Dublin Core...

SOUTHVILLE LIBRARY

Southville International School and Colleges Library

1281 Tropical Ave. Cor. Luxembourg St., BF Homes International, Las Pinas City

Tel. No. 8256374 / 252358 Loc. 117/146

Powered by Koha